00301nam a2200145Ia 45000030006000000080041000060400015000471000017000622450017000792500006000962600018001023000006001205460012001260050017001380STCL150530s9999 xx 000 0 und d aSTCLcSTCL aPeyton, K.M. aMinnas Quest a1 c2007aEngland a0 aEnglish20220125171019.0